000 00534nam a2200181Ia 4500
008 151202s9999||||xx |||||||||||||| ||und||
082 _bPNVM-22169
100 _aअघोर भ. वा.
245 _aनवमी.
260 _b"कवित्रय मंडळ सहकारी प्रकाशन, सोलापूर."
260 _c1964
300 _a92
600 _aअघोर भ. वा.
630 _aनवमी.
700 _aअघोर भ. वा.
730 _aनवमी.
942 _cBOOK
999 _c1288144
_d1288141